000 00910nam0a22002291i 4500
001 rc\245748
005 20240726024220.0
035 _a(NLR Aleph) 005502375
090 _a5320490
_c5320490
100 _a20030307d1990 u |0rusy50 ca
101 0 _arus
102 _aRU
105 _aa |||||||||
200 1 _aСтроительство материалы на основе попутных продуктов обогащения скарновых руд
_e(На прим. ТВМК)
_eАвтореф. дис. на соиск. учен. степ. канд. техн. наук
_e(05.23.05)
_fЛенингр. инж.-строит. ин-т
210 _aЛ.
_d1990
215 _a24 с.
_cил.
320 _aБиблиогр.: с. 23-24 (7 назв.)
700 1 _aМакитов
_bУ.И.
_gУмар Иссаевич
801 0 _aRU
_bNLR
_gpsbo
801 1 _aRU
_bELAR
_2rusmarc
852 _aNLR
_jА90/6800
942 _cBOOK